Statistiken für Harry Potter Zitate #1

Klicken Sie hier um das Quiz zu spielen!

Allgemein

  • Dieses Quiz wurde 2.582 mal gespielt
  • Das Durchschnittsergebnis liegt bei 11 aus 18

Antwortstatistiken

HintAntwort% Korrekt
Wenn es euch nichts ausmacht geh ich jetzt ins Bett, bevor ihr noch einen anderen schlauen Einfall habt, der uns umbringt, wenn die uns nicht sogar rausschmeißen!Hermine Granger
97%
Harry Potter, der Junge der Überlebt hat … Komm her und stirb!Lord Voldemort
90%
Das war vor 14 Jahren. Noch heute vergeht kein Tag an dem ich deinen Vater nicht vermisse.Sirius Black
88%
Ron, ich bin ein gutes Haustier gewesen, ein guter Freund!Peter Pettigrew
84%
Mann, wieso immer ich?Neville Longbottom
82%
Ich frage mich, wieso immer Sie drei dabei sind, wenn hier in Hogwarts irgendetwas schief geht?Minerva McGonagall
80%
Wenn du da unten sterben solltest, darfst du gerne in meine Toilette einziehen!Maulende Myrte
77%
Hogwarts ist nicht Hogwarts ohne dich!Harry Potter
65%
ImmerSeverus Snape
62%
Ich freue mich, euren neuen Lehrer in Verteidigung gegen die dunklen Künste ansagen zu dürfen. Mich!Gilderoy Lockhart
61%
Ein Jammer, dass man die alten Strafen abgeschafft hat.Argus Filch
59%
Würden Sie etwas für mich voraussagen, bitte?Dolores Umbridge
54%
Er ist schon wieder voller Blut. Wieso ist er schon wieder voller Blut?Ginny Weasley
54%
Du bist nicht verrückter als ich, glaub mir.Luna Lovegood
54%
Auch wenn Sie ihn nicht besonders mögen, eines können Sie nicht bestreiten: Dumbledore hat echt Stil!!Kingley Shacklebolt
43%
Meine Fresse, ist das eine große Frau!Seamus Finnigan
35%
Aber so ist das Leben, so läuft es. Du gehst deinen Weg und eines schönen Tages … puff!Horace Slughorn
23%
Ach, auch noch da, ja?Magda
6%

Verteilung der Resultate

Perzentil nach korrekt beantworteten Fragen

Anzahl Personen mit jedem Resultat

Ihre Resultats-Entwicklung

Sie haben dieses Quiz noch nicht gespielt